000 00273nam a2200109Ia 4500
008 200302s9999 xx 000 0 und d
100 _aA. P. J. Abdul Kalam
245 _aWings of Fire An Autobiography
260 _bUniversity Press Ltd.
260 _c1999
300 _a180 P.,
999 _c1397
_d1397